000 003110000a22001450004500
003 MACL
040 _aMACL
090 _c2901
_d2901
100 _aBose, Ashish
245 _aDemographic Zones In India
260 _bB R Publishing Corporation
_c1994
350 _a300
650 _aSociology
942 _cBOOK
_k300
999 _c2881
_d2881